000 00648nam a2200229Ia 4500
003 OSt
005 20220918174319.0
006 a|||||r|||| 00| 0
007 ta
008 220917b |||||||| |||| 00| 0 eng d
024 _a11,562
037 _cTextual
040 _aARTS
_cARTS
_beng
041 _2eng
_aeng
082 _a/\2xN31, L0-;1
100 _aPrasad Ram Chandra
_949961
245 0 _aMystic of feeling
_b a study in Rajneesh's religion experience
260 _aDelhi
_bMotilal Banarsidass.
_c1970
650 _aSPIRITUALISM
942 _h/\2xN31, L0-;1
_cTEXL
_2CC
999 _c152653
_d152653